000 00698nam a2200217 i 4500
001 10485
003 ES-MaACL
005 20230906145910.0
007 t|
008 950710s1954 sp f |||| | spa d
080 _a946"1931/1939"
100 1 _aSevilla Andrés, Diego.
_9105934
245 1 0 _aDe la república al comunismo.
_nII cuaderno /
_cpor Diego Sevilla Andrés.
260 _aMadrid :
_bPublicaciones Españolas,
_c1954.
300 _a29 p., [4] p. de lám. ;
_c24 cm.
490 1 _aTemas españoles ;
_v88
651 4 _aEspaña-
_xHistoria-
_y1931-1939, II República.
_98283
830 0 _aTemas españoles ;
_v88
_9178712
852 _aES-MaACL
_jL-17825
999 _c10485
_d10485